| 000 | 01286cam a2200349 a 4500 | ||
|---|---|---|---|
| 001 | 6454 | ||
| 003 | FISKH | ||
| 005 | 20250620092116.0 | ||
| 008 | 090212s2010 nyua j b 001 0 eng | ||
| 010 | _a 2009006373 | ||
| 020 | _a9780531213469 | ||
| 020 | _a9780531214459 | ||
| 040 |
_aDLC _cDLC _dDLC _beng |
||
| 050 | _aJK1978.B45 | ||
| 082 | _a324.60973 | ||
| 100 | 1 |
_aBehrens, Janice, _d1972- |
|
| 245 | 1 | 0 |
_aLet's vote on it! / _cby Janice Behrens. |
| 260 |
_aNew York : _bScholastic, _c2010. |
||
| 300 |
_a24 pages : _bcolor illustrations ; _c21 cm |
||
| 490 | 0 | _aScholastic news nonfiction readers | |
| 500 | _aJ | ||
| 505 | 0 | _aJ | |
| 505 | 0 | _aVote for a class pet -- Time to choose -- Which pet wins? -- Let's keep voting -- My mom votes! | |
| 520 | _aWhat does it take to be a good citizen? Find out in this appealing new series about the importance of working together, taking turns, respecting differences, and getting along in the classroom, the community, and the world! | ||
| 521 | 8 |
_a440
_bLexile |
|
| 521 | 8 |
_aJ
_bRaz-Plus |
|
| 650 | 0 |
_aVoting _zUnited States _vJuvenile literature. |
|
| 650 | 0 |
_aElections _zUnited States _vJuvenile literature. |
|
| 906 |
_a7 _bcbc _corignew _d1 _eecip _f20 _gy-gencatlg |
||
| 942 |
_2ddc _cBK _n0 |
||
| 999 |
_c6454 _d6454 |
||